Calendari de sobretaula de la Diputació de Barcelona
Descripción Física:
27 calendaris de sobretaula ; 21 x 15 cm. ; 16 x 19 cm. (a partir de 2011)
Materias:
Calendaris
MARC
| LEADER | 00000nrm a2200000 a 4500 | ||
|---|---|---|---|
| 001 | 21532, 21533, 21534, 21535, 21536, 21537, 21538, 21539, 21540, 21541, 21542, 21543, 21544, 23413, 27655, 28529, 28530, 28653 | ||
| 003 | AGDB | ||
| 005 | 20260324181511.0 | ||
| 008 | 160829s1996 - xx 000 0 cat d | ||
| 017 | |a B 44883-96 | ||
| 017 | |a B 44882-96 | ||
| 017 | |a B 27880-97 | ||
| 017 | |a B 47991-2001 | ||
| 017 | |a B 45939-2004 | ||
| 017 | |a B 46292-2010 | ||
| 017 | |a B 41640-2011 | ||
| 040 | |a agdb |b cat | ||
| 245 | |a Calendari de sobretaula de la Diputació de Barcelona |h [Calendari] | ||
| 260 | |a Barcelona : |b Diputació de Barcelona ; |c 1996- | ||
| 300 | |a 27 calendaris de sobretaula ; |c 21 x 15 cm. ; |c 16 x 19 cm. (a partir de 2011) | ||
| 500 | |a Títol facilitat pel catalogador | ||
| 655 | 0 | |9 52767 |a Calendaris | |
| 710 | 1 | |a Barcelona (Catalunya : Província). |b Diputació |9 52408 | |
| 866 | |a 1996-1998 | ||
| 866 | |a 2000-2006 | ||
| 866 | |a 2011-2021 | ||
| 866 | |a 2023-2025 | ||
| 901 | |a Arxiu | ||
| 942 | |n 1 |c ARXIU |2 udc | ||
| 952 | |0 0 |1 0 |2 udc |4 0 |6 NBM35 |7 1 |9 64481 |a Arxiu |b Arxiu |d 2022-11-30 |h 1996 |l 0 |o NBM-3-5 |p 21532 |r 2022-11-30 00:00:00 |w 2022-11-30 |y ARXIU |z Inclou un llapis | ||
| 952 | |0 0 |1 0 |2 udc |4 0 |6 NBM36 |7 1 |9 64482 |a Arxiu |b Arxiu |d 2022-11-30 |h 1997 |l 0 |o NBM-3-6 |p 21533 |r 2022-11-30 00:00:00 |w 2022-11-30 |y ARXIU | ||
| 952 | |0 0 |1 0 |2 udc |4 0 |7 1 |9 64483 |a Arxiu |b Arxiu |d 2022-11-30 |h 1997 |o NBM-3-7 |p 21534 |r 2022-11-30 00:00:00 |w 2022-11-30 |y ARXIU |z Edició Institut d'Edicions | ||
| 952 | |0 0 |1 0 |2 udc |4 0 |6 NBM38 |7 1 |9 64484 |a Arxiu |b Arxiu |d 2022-11-30 |h 1998 |l 0 |o NBM-3-8 |p 21535 |r 2022-11-30 00:00:00 |w 2022-11-30 |y ARXIU | ||
| 952 | |0 0 |1 0 |2 udc |4 0 |6 NBM39 |7 1 |9 64485 |a Arxiu |b Arxiu |d 2022-11-30 |h 2000 |l 0 |o NBM-3-9 |p 21536 |r 2022-11-30 00:00:00 |w 2022-11-30 |y ARXIU | ||
| 952 | |0 0 |1 0 |2 udc |4 0 |6 NBM310 |7 1 |9 64486 |a Arxiu |b Arxiu |d 2022-11-30 |h 2001 |l 0 |o NBM-3-10 |p 21537 |r 2022-11-30 00:00:00 |w 2022-11-30 |y ARXIU | ||
| 952 | |0 0 |1 0 |2 udc |4 0 |7 1 |9 64487 |a Arxiu |b Arxiu |d 2022-11-30 |h 2001 |o NBM-3-11 |p 21538 |r 2022-11-30 00:00:00 |w 2022-11-30 |y ARXIU |z Edició CIDO | ||
| 952 | |0 0 |1 0 |2 udc |4 0 |6 NBM312 |7 1 |9 64488 |a Arxiu |b Arxiu |d 2022-11-30 |h 2002 |l 0 |o NBM-3-12 |p 21539 |r 2022-11-30 00:00:00 |w 2022-11-30 |y ARXIU | ||
| 952 | |0 0 |1 0 |2 udc |4 0 |6 NBM313 |7 1 |9 64489 |a Arxiu |b Arxiu |d 2022-11-30 |h 2003 |l 0 |o NBM-3-13 |p 21540 |r 2022-11-30 00:00:00 |w 2022-11-30 |y ARXIU | ||
| 952 | |0 0 |1 0 |2 udc |4 0 |6 NBM314 |7 1 |9 64490 |a Arxiu |b Arxiu |d 2022-11-30 |h 2004 |l 0 |o NBM-3-14 |p 21541 |r 2022-11-30 00:00:00 |w 2022-11-30 |y ARXIU | ||
| 952 | |0 0 |1 0 |2 udc |4 0 |6 NBM315 |7 1 |9 64491 |a Arxiu |b Arxiu |d 2022-11-30 |h 2004 |l 0 |o NBM-3-15 |p 21542 |r 2022-11-30 00:00:00 |w 2022-11-30 |y ARXIU |z Edició CIDO | ||
| 952 | |0 0 |1 0 |2 udc |4 0 |6 NBM316 |7 1 |9 64492 |a Arxiu |b Arxiu |d 2022-11-30 |h 2005 |l 0 |o NBM-3-16 |p 21543 |r 2022-11-30 00:00:00 |w 2022-11-30 |y ARXIU | ||
| 952 | |0 0 |1 0 |2 udc |4 0 |6 NBM422 |7 1 |9 64494 |a Arxiu |b Arxiu |d 2022-11-30 |h 2012 |l 0 |o NBM-4-22 |p 23413 |r 2022-11-30 00:00:00 |w 2022-11-30 |y ARXIU |z Diputació de Barcelona : bons serveis per als ajuntaments, més benestar per a la ciutadania | ||
| 952 | |0 0 |1 0 |2 udc |4 0 |6 NBM161 |7 1 |9 64497 |a Arxiu |b Arxiu |d 2022-11-30 |h 2011 |l 0 |o NBM-16-1 |p 27074 |r 2022-11-30 00:00:00 |w 2022-11-30 |y ARXIU | ||
| 952 | |0 0 |1 0 |2 udc |4 0 |6 NBM162 |7 1 |9 64498 |a Arxiu |b Arxiu |d 2022-11-30 |h 2012 |l 0 |o NBM-16-2 |p 27075 |r 2022-11-30 00:00:00 |w 2022-11-30 |y ARXIU |z Diputació de Barcelona : bons serveis per als ajuntaments, més benestar per a la ciutadania | ||
| 952 | |0 0 |1 0 |2 udc |4 0 |6 NBM163 |7 1 |9 64500 |a Arxiu |b Arxiu |d 2022-11-30 |h 2013 |l 0 |o NBM-16-3 |p 27076 |r 2022-11-30 00:00:00 |w 2022-11-30 |y ARXIU |z BCN+ : Barcelona és molt més | ||
| 952 | |0 0 |1 0 |2 udc |4 0 |6 NBM164 |7 1 |9 64501 |a Arxiu |b Arxiu |d 2022-11-30 |h 2014 |l 0 |o NBM-16-4 |p 27077 |r 2022-11-30 00:00:00 |w 2022-11-30 |y ARXIU |z Centenari de la Mancomunitat de Catalunya | ||
| 952 | |0 0 |1 0 |2 udc |4 0 |6 NBM165 |7 1 |9 64503 |a Arxiu |b Arxiu |d 2022-11-30 |h 2015 |l 0 |o NBM-16-5 |p 27078 |r 2022-11-30 00:00:00 |w 2022-11-30 |y ARXIU |z Guanyem salut | ||
| 952 | |0 0 |1 0 |2 udc |4 0 |6 NBM166 |7 1 |9 64504 |a Arxiu |b Arxiu |d 2022-11-30 |h 2016 |l 0 |o NBM-16-6 |p 27079 |r 2022-11-30 00:00:00 |w 2022-11-30 |y ARXIU |z Millorem el medi ambient | ||
| 952 | |0 0 |1 0 |2 udc |4 0 |6 NBM167 |7 1 |9 64505 |a Arxiu |b Arxiu |d 2022-11-30 |h 2017 |l 0 |o NBM-16-7 |p 27080 |r 2022-11-30 00:00:00 |w 2022-11-30 |y ARXIU |z Per la igualtat, tu marques la diferencia | ||
| 952 | |0 0 |1 0 |2 udc |4 0 |6 NBM168 |7 1 |9 64506 |a Arxiu |b Arxiu |d 2022-11-30 |h 2018 |l 0 |o NBM-16-8 |p 27081 |r 2022-11-30 00:00:00 |w 2022-11-30 |y ARXIU |z Objectius de desenvolupament sostenible | ||
| 952 | |0 0 |1 0 |2 udc |4 0 |6 NBM169 |7 1 |9 64507 |a Arxiu |b Arxiu |d 2022-11-30 |h 2019 |l 0 |o NBM-16-9 |p 27082 |r 2022-11-30 00:00:00 |w 2022-11-30 |y ARXIU |z Hem connectat amb les persones, l'eficiència, la sostenibilitat i la tecnologia | ||
| 952 | |0 0 |1 0 |2 udc |4 0 |6 NBM1610 |7 1 |9 64508 |a Arxiu |b Arxiu |d 2022-11-30 |h 2020 |l 0 |o NBM-16-10 |p 27083 |r 2022-11-30 00:00:00 |w 2022-11-30 |y ARXIU |z Fem camí per acomplir els objectius de desenvolupament sostenible | ||
| 952 | |0 0 |1 0 |2 udc |4 0 |7 1 |9 65945 |a Arxiu |b Arxiu |d 2023-04-04 |h 2021 |o NBM-16-197 |p 27655 |r 2023-04-04 00:00:00 |w 2023-04-04 |y ARXIU |z Transformem: persones, prosperitat, planeta i aliances | ||
| 952 | |0 0 |1 0 |4 0 |6 NBM1810 |7 1 |9 97022 |a Arxiu |b Arxiu |d 2024-05-06 |h 2023 |l 0 |o NBM-18-10 |p 28529 |r 2024-05-06 00:00:00 |w 2024-05-06 |y ARXIU |z Neutralitat climàtica 2030 : Accelerem la transició! | ||
| 952 | |0 0 |1 0 |4 0 |6 NBM1811 |7 1 |9 97023 |a Arxiu |b Arxiu |d 2024-05-06 |h 2024 |l 0 |o NBM-18-11 |p 28530 |r 2024-05-06 00:00:00 |w 2024-05-06 |y ARXIU |z Innovar per transformar i millorar la vida de les persones | ||
| 952 | |0 0 |1 0 |4 0 |6 NBM1812 |7 1 |9 97591 |a Arxiu |b Arxiu |d 2024-12-02 |h 2025 |l 0 |o NBM-18-12 |p 28653 |r 2024-12-02 00:00:00 |w 2024-12-02 |y ARXIU |z Innovació pública per la sostenibilitat, l'equitat territorial i la cohesió social | ||
| 999 | |c 58724 |d 58724 | ||